Thermodynamics: An engineering approach (Record no. 4282)

MARC details
005 - DATE AND TIME OF LATEST TRANSACTION
control field 20250618105418.0
020 ## - INTERNATIONAL STANDARD BOOK NUMBER
International Standard Book Number 0-07-288495-9
082 ## - DEWEY DECIMAL CLASSIFICATION NUMBER
Classification number LM 621.402 CEN
100 ## - MAIN ENTRY--PERSONAL NAME
Author name CENGEL, Y. A.
245 ## - TITLE STATEMENT
Title Thermodynamics: An engineering approach
250 ## - EDITION STATEMENT
Edition statement 5th Ed.
260 ## - PUBLICATION, DISTRIBUTION, ETC.
Place of publication, distribution, etc. Boston,
Name of publisher, distributor, etc. McGraw-Hill,
Date of publication, distribution, etc. 2006.
300 ## - PHYSICAL DESCRIPTION
Extent xxxvi, 988p.: ill.; chart, figure, graph, picture, table.
Other physical details Index,
Dimensions 26cm.
700 ## - ADDED ENTRY--PERSONAL NAME
Other authors/Editors BOLES, M. A.
856 ## - ELECTRONIC LOCATION AND ACCESS
Link text Access online book
Electronic name Thermodynamics: An engineering approach
Path www.mhhe.com
942 ## - ADDED ENTRY ELEMENTS (KOHA)
Source of classification or shelving scheme Dewey Decimal Classification
Koha item type Books
Holdings
Date last seen Total checkouts Full call number Barcode Cost, replacement price Price effective from Koha item type Lost status Source of classification or shelving scheme Damaged status Not for loan Withdrawn status Home library Current library Shelving location Date acquired Cost, normal purchase price
06/18/2025   LM 621.402 CEN 00000010945 150000.00 06/18/2025 Books   Dewey Decimal Classification       College of Business Education Main Library College of Business Education Main Library General Collection 06/02/2021 50000.00